10 Największych Miast Województwa Mazowieckiego - Statystyki

Ogólne statystyki
  • Ten quiz został rozwiązany 2 585 razy
  • Średni wynik to 7 z 10
Statystyki odpowiedzi
Lp. Liczba Ludności Miasto % Poprawnych
1. 1,729,119 Warszawa
100%
2. 217,834 Radom
92%
3. 122,572 Płock
85%
5. 59,796 Pruszków
70%
4. 76,585 Siedlce
70%
7. 52,792 Ostrołęka
60%
6. 54,246 Legionowo
58%
8. 45,270 Piaseczno
54%
10. 44,673 Ciechanów
49%
9. 45,073 Otwock
45%
Nie znaleziono quizów pasujących do podanych kryteriów
Rozkład punktacji
Procent ludzi z każdym wynikiem
Percentyl według liczby udzielonych odpowiedzi
Twoja historia wyników
Nie rozwiązałeś tego quizu